000 00605cam a2200217 4500
001 J108566
008 000000n2000 000 0 eng u
035 _a(Sirsi) u108566
050 _a711.7
110 _aGVA Grimley
_93646
245 _aTransport quarterly - third & fourth 2000
260 _aLondon
_bGVA Grimley
_c2000
300 _a2 pt. ; 30cm.
650 _aPROPERTY-INFRASTRUCTURE-TRANSPORT INFRASTRUCTURE-ROAD INFRASTRUCTURE
650 _aRAILWAYS
650 _aPLANNING
650 _aINVESTMENT
650 _aPROPERTY MARKET
690 _aTRANSPORT AND COMMUNICATIONS
942 _n0
999 _c100819
_d100819